000 00341nam a2200109Ia 4500
008 171211s9999 xx 000 0 und d
245 _aEncyclopedia of Multimedia Technology and Networking
245 _cMargherita Pagani
260 _c2008
650 _xEncyclopedia and Dictionary
856 _uhttp://down.ebook777.com/055/9781605660141.pdf
999 _c350200
_d350200